[Event "FICGS W-ch st1 g08 email"]
[Site "FICGS email"]
[Date "2018.03.23"]
[Round "1"]
[White "Cirulis, Ilmars"]
[Black "Laricchiuta, Claudio"]
[Result "1-0"]
[WhiteElo "2037"]
[BlackElo "1055"]
[PlyCount "23"]
[EventDate "2018.??.??"]
[EventType "tourn (corr)"]
[EventRounds "8"]
[SourceTitle "Corr 2022"]
[Source "ChessBase"]
[SourceDate "2021.10.24"]
[SourceVersion "1"]
[SourceVersionDate "2021.10.24"]
[SourceQuality "1"]

1. b4 e6 2. a3 Qf6 3. d4 d5 4. Nc3 c6 5. e4 Qd8 6. e5 Nd7 7. Bd3 g6 8. Nce2 Bg7 9. h4 h5 10. Bg5 Qc7 11. Nf3 Bh6 12. 0-0 1-0

[Event "FICGS W-ch st1 g08 email"]
[Site "FICGS email"]
[Date "2018.03.23"]
[Round "1"]
[White "Laricchiuta, Claudio"]
[Black "Klawitter, Bernd"]
[Result "0-1"]
[WhiteElo "1055"]
[BlackElo "1328"]
[PlyCount "22"]
[EventDate "2018.??.??"]
[EventType "tourn (corr)"]
[EventRounds "8"]
[SourceTitle "Corr 2022"]
[Source "ChessBase"]
[SourceDate "2021.10.24"]
[SourceVersion "1"]
[SourceVersionDate "2021.10.24"]
[SourceQuality "1"]

1. b4 Nf6 2. Bb2 e6 3. b5 c6 4. e3 Be7 5. f4 cxb5 6. Nf3 a6 7. Be2 0-0 8. 0-0 h6 9. Nd4 d5 10. d3 Nc6 11. a3 Bd7 0-1

[Event "FICGS no engines 00 email"]
[Site "FICGS email"]
[Date "2017.05.15"]
[Round "1"]
[White "Laricchiuta, Claudio"]
[Black "Goldmund, Heike"]
[Result "0-1"]
[WhiteElo "1318"]
[BlackElo "1104"]
[PlyCount "32"]
[EventDate "2017.??.??"]
[EventType "swiss (corr)"]
[EventRounds "1"]
[SourceTitle "Corr 2022"]
[Source "ChessBase"]
[SourceDate "2021.10.24"]
[SourceVersion "1"]
[SourceVersionDate "2021.10.24"]
[SourceQuality "1"]

1. e4 d5 2. Nf3 dxe4 3. Ng5 Nf6 4. Bc4 e6 5. Qe2 Bc5 6. c3 b6 7. d4 Be7 8. Nxe4 Nbd7 9. 0-0 Bb7 10. Ng3 c5 11. Be3 Qc7 12. Rd1 0-0 13. Na3 Qc6 14. Qf1 Rfd8 15. Bb5 Qc7 16. dxc5 Nxc5 0-1

[Event "FICGS rapid C 000135 email"]
[Site "FICGS email"]
[Date "2016.10.08"]
[Round "1"]
[White "Laricchiuta, Claudio"]
[Black "Domingo Gadea, Jordi"]
[Result "0-1"]
[WhiteElo "1523"]
[BlackElo "1826"]
[PlyCount "20"]
[EventDate "2016.??.??"]
[EventType "tourn (rapid)"]
[EventRounds "4"]
[SourceTitle "Corr 2022"]
[Source "ChessBase"]
[SourceDate "2021.10.24"]
[SourceVersion "1"]
[SourceVersionDate "2021.10.24"]
[SourceQuality "1"]

1. Nf3 h6 2. d4 Nf6 3. c4 g5 4. e3 d6 5. Be2 c5 6. dxc5 g4 7. Nd4 dxc5 8. Nb3 Qxd1+ 9. Bxd1 b6 10. Nc3 Nc6 0-1

[Event "FICGS class C 000234 email"]
[Site "FICGS email"]
[Date "2016.06.14"]
[Round "1"]
[White "Knittel, Martin"]
[Black "Laricchiuta, Claudio"]
[Result "1-0"]
[WhiteElo "1694"]
[BlackElo "1800"]
[PlyCount "27"]
[EventDate "2016.??.??"]
[EventType "tourn (corr)"]
[EventRounds "4"]
[SourceTitle "Corr 2022"]
[Source "ChessBase"]
[SourceDate "2021.10.24"]
[SourceVersion "1"]
[SourceVersionDate "2021.10.24"]
[SourceQuality "1"]

1. e4 c5 2. Nf3 d6 3. d4 cxd4 4. Nxd4 Nf6 5. Nc3 a6 6. Be3 e5 7. Nb3 Bg4 8. f3 Be6 9. Qd2 Be7 10. 0-0-0 0-0 11. g4 Nc6 12. Kb1 b5 13. Nd5 Rb8 14. Be2 1-0

[Event "FICGS class C 000234 email"]
[Site "FICGS email"]
[Date "2016.06.14"]
[Round "1"]
[White "Laricchiuta, Claudio"]
[Black "Romano, Jacopo"]
[Result "0-1"]
[WhiteElo "1800"]
[BlackElo "1938"]
[PlyCount "22"]
[EventDate "2016.??.??"]
[EventType "tourn (corr)"]
[EventRounds "4"]
[SourceTitle "Corr 2022"]
[Source "ChessBase"]
[SourceDate "2021.10.24"]
[SourceVersion "1"]
[SourceVersionDate "2021.10.24"]
[SourceQuality "1"]

1. e4 e5 2. Nf3 Nc6 3. Bb5 Nf6 4. d3 Bc5 5. 0-0 d6 6. h3 0-0 7. c3 a6 8. Bxc6 bxc6 9. Re1 Re8 10. Bg5 h6 11. Bh4 g5 0-1

[Event "ZN-2012-0-01963"]
[Site "LSS email"]
[Date "2012.06.09"]
[Round "?"]
[White "Laricchiuta, Claudio"]
[Black "Tobey, Al E"]
[Result "0-1"]
[WhiteElo "800"]
[BlackElo "595"]
[PlyCount "26"]
[EventDate "2012.06.03"]
[EventType "match (corr)"]
[EventRounds "2"]
[EventCountry "GER"]
[SourceTitle "Corr 2015"]
[Source "ChessBase"]
[SourceDate "2015.07.17"]
[SourceVersion "1"]
[SourceVersionDate "2015.07.17"]
[SourceQuality "1"]

1. e4 e5 2. Nf3 d6 3. Bc4 Nh6 4. d3 g6 5. Bg5 f6 6. Bh4 Bg4 7. h3 Bd7 8. Nc3 Nc6 9. Nd5 Bg7 10. 0-0 Na5 11. Bb3 Nxb3 12. axb3 c6 13. Ne3 Qe7 0-1